[Event "71st RUS-ch Superfinal Women 2021"]
[Site "Ufa"]
[Date "2021.10.16"]
[Round "7.6"]
[White "Galliamova, Alisa"]
[Black "Bodnaruk, Anastasia"]
[Result "0-1"]
[WhiteElo "2421"]
[BlackElo "2415"]
[Annotator "ChessBase"]
[PlyCount "106"]
[EventDate "2021.10.09"]
[EventType "tourn"]
[EventCountry "RUS"]
[SourceTitle "playchess.com"]
[Source "ChessBase"]
[SourceQuality "1"]
[TimeControl "40/5400+30:1800+30"]

1. d4 {[%emt 0:00:03]} Nf6 {[%emt 0:00:04]} 2. Nf3 {[%emt 0:00:09]} g6 {
[%emt 0:00:05]} 3. g3 {[%emt 0:00:13]} Bg7 {[%emt 0:00:05]} 4. Bg2 {[%emt 0:00:
10]} O-O {[%emt 0:00:22]} 5. O-O {[%emt 0:00:31]} d6 {[%emt 0:00:35]} 6. c4 {
[%emt 0:00:17]} Nc6 {[%emt 0:00:08]} 7. Nc3 {[%emt 0:00:15]} e5 {[%emt 0:01:22]
} 8. dxe5 {[%emt 0:01:39]} dxe5 {[%emt 0:00:04]} 9. Bg5 {[%emt 0:00:46]} Be6 {
[%emt 0:00:28]} 10. Nd2 {[%emt 0:01:12]} Qc8 {[%emt 0:00:55]} 11. Nd5 {[%emt 0:
01:48]} Nd7 {[%emt 0:00:40]} 12. b4 {[%emt 0:11:59]} h6 {[%emt 0:01:38]} 13.
Be3 {[%emt 0:05:55]} Re8 {[%emt 0:00:31]} 14. Rc1 {[%emt 0:03:41]} f5 {[%emt 0:
02:26]} 15. b5 {[%emt 0:14:17]} Nd8 {[%emt 0:01:13]} 16. c5 {[%emt 0:00:26]} e4
{[%emt 0:10:48]} 17. Nc4 {[%emt 0:02:01]} Nf7 {[%emt 0:07:31]} 18. a4 {[%emt 0:
09:51]} Bxd5 {[%emt 0:11:36]} 19. Qxd5 {[%emt 0:00:31]} Nf6 {[%emt 0:00:04]}
20. Qd2 {[%emt 0:04:38]} Rd8 {[%emt 0:06:05]} 21. Qa5 {[%emt 0:03:22]} Nd5 {
[%emt 0:03:02]} 22. Rfd1 {[%emt 0:00:54]} Bc3 {[%emt 0:17:51]} 23. Rxc3 {
[%emt 0:00:40]} b6 {[%emt 0:00:05]} 24. cxb6 {[%emt 0:12:23]} cxb6 {[%emt 0:02:
55]} 25. Nxb6 {[%emt 0:01:25]} Qxc3 {[%emt 0:00:27]} 26. Qxc3 {[%emt 0:00:17]}
Nxc3 {[%emt 0:00:05]} 27. Rxd8+ {[%emt 0:00:44]} Rxd8 {[%emt 0:00:03]} 28. Nc4
{[%emt 0:00:12]} Rd7 {[%emt 0:14:34]} 29. f3 {[%emt 0:07:48]} Nxe2+ {[%emt 0:
06:30]} 30. Kf1 {[%emt 0:01:06]} Nc3 {[%emt 0:00:16]} 31. fxe4 {[%emt 0:01:47]}
fxe4 {[%emt 0:00:19]} 32. b6 {[%emt 0:12:25]} axb6 {[%emt 0:03:01]} 33. Nxb6 {
[%emt 0:00:09]} Rd1+ {[%emt 0:01:00]} 34. Kf2 {[%emt 0:00:04]} Ne5 {[%emt 0:04:
12]} 35. Bh3 {[%emt 0:00:13]} Kf7 {[%emt 0:01:56]} 36. a5 {[%emt 0:02:05]} Nd3+
{[%emt 0:04:29]} 37. Kg2 {[%emt 0:00:04]} Ne1+ {[%emt 0:00:31]} 38. Kf2 {
[%emt 0:00:14]} Nd3+ {[%emt 0:00:08]} 39. Kg2 {[%emt 0:00:04]} Ra1 {[%emt 0:00:
23]} 40. Nc4 {[%emt 0:00:00]} Ra2+ {[%emt 0:00:00]} 41. Kf1 {[%emt 0:11:00]}
Ra4 {[%emt 0:15:51]} 42. Nd6+ {[%emt 0:03:26]} Ke7 {[%emt 0:01:51]} 43. Nc8+ {
[%emt 0:01:22]} Kf7 {[%emt 0:06:13]} 44. Nd6+ {[%emt 0:00:49]} Kf6 {[%emt 0:00:
43]} 45. Bb6 {[%emt 0:05:12]} Nd5 {[%emt 0:03:13]} 46. Bg4 {[%emt 0:12:38]}
Ra1+ {[%emt 0:04:22]} 47. Kg2 {[%emt 0:01:01]} Ra2+ {[%emt 0:00:02]} 48. Kf1 {
[%emt 0:00:49]} e3 {[%emt 0:02:30]} 49. Nc4 {[%emt 0:00:47]} Nxb6 {[%emt 0:01:
03]} 50. axb6 {[%emt 0:00:08]} Rf2+ {[%emt 0:00:28]} 51. Kg1 {[%emt 0:00:03]}
e2 {[%emt 0:00:33]} 52. Bxe2 {[%emt 0:00:06]} Rxe2 {[%emt 0:00:01]} 53. b7 {
[%emt 0:00:04]} Re1+ {[%emt 0:00:21]} 0-1

[Event "71st RUS-ch Superfinal Women 2021"]
[Site "Ufa"]
[Date "2021.10.17"]
[Round "8.1"]
[White "Ovod, Evgenija"]
[Black "Bodnaruk, Anastasia"]
[Result "1-0"]
[WhiteElo "2331"]
[BlackElo "2415"]
[Annotator "ChessBase"]
[PlyCount "81"]
[EventDate "2021.10.09"]
[EventType "tourn"]
[EventCountry "RUS"]
[SourceTitle "playchess.com"]
[Source "ChessBase"]
[SourceQuality "1"]
[TimeControl "40/5400+30:1800+30"]

1. e4 {[%emt 0:00:03]} c5 {[%emt 0:00:07]} 2. Nf3 {[%emt 0:00:06]} d6 {[%emt 0:
00:09]} 3. d4 {[%emt 0:00:07]} cxd4 {[%emt 0:00:20]} 4. Nxd4 {[%emt 0:00:05]}
Nf6 {[%emt 0:00:06]} 5. f3 {[%emt 0:00:05]} e5 {[%emt 0:00:57]} 6. Nb3 {
[%emt 0:00:06]} a5 {[%emt 0:00:50]} 7. a4 {[%emt 0:00:08]} Be7 {[%emt 0:05:50]}
8. Bb5+ {[%emt 0:00:07]} Nc6 {[%emt 0:01:32]} 9. c4 {[%emt 0:00:07]} O-O {
[%emt 0:02:15]} 10. Be3 {[%emt 0:00:06]} Be6 {[%emt 0:05:26]} 11. Nc3 {[%emt 0:
00:07]} Nd7 {[%emt 0:02:05]} 12. O-O {[%emt 0:08:12]} Nc5 {[%emt 0:04:29]} 13.
Nd5 {[%emt 0:08:27]} Bg5 {[%emt 0:11:58]} 14. Bf2 {[%emt 0:00:12]} Bxd5 {
[%emt 0:10:06]} 15. exd5 {[%emt 0:05:19]} Nxb3 {[%emt 0:01:13]} 16. Qxb3 {
[%emt 0:02:11]} Nb4 {[%emt 0:07:02]} 17. Rad1 {[%emt 0:05:04]} Rc8 {[%emt 0:02:
38]} 18. Rfe1 {[%emt 0:01:32]} b6 {[%emt 0:07:21]} 19. Re2 {[%emt 0:07:27]} f5
{[%emt 0:11:44]} 20. Be1 {[%emt 0:02:12]} Rf6 {[%emt 0:05:33]} 21. Bxb4 {
[%emt 0:01:23]} axb4 {[%emt 0:00:02]} 22. Qxb4 {[%emt 0:00:04]} Rg6 {[%emt 0:
01:16]} 23. Qc3 {[%emt 0:11:37]} Bf4 {[%emt 0:00:47]} 24. g3 {[%emt 0:01:16]}
Qh4 {[%emt 0:10:26]} 25. Rg2 {[%emt 0:02:34]} Qh3 {[%emt 0:00:01]} 26. Re1 {
[%emt 0:03:03]} h5 {[%emt 0:07:12]} 27. Ree2 {[%emt 0:02:01]} Bg5 {[%emt 0:01:
55]} 28. Qc2 {[%emt 0:13:58]} Rf8 {[%emt 0:00:33]} 29. Bd7 {[%emt 0:00:55]} Bd8
{[%emt 0:00:33]} 30. b4 {[%emt 0:01:32]} h4 {[%emt 0:00:30]} 31. g4 {[%emt 0:
09:50]} e4 {[%emt 0:00:05]} 32. fxe4 {[%emt 0:00:52]} f4 {[%emt 0:00:49]} 33.
Bf5 {[%emt 0:07:14]} f3 {[%emt 0:00:32]} 34. Re3 {[%emt 0:04:17]} Bg5 {[%emt 0:
00:35]} 35. Rd3 {[%emt 0:00:10]} Rgf6 {[%emt 0:00:31]} 36. Rf2 {[%emt 0:00:55]}
Rxf5 {[%emt 0:00:28]} 37. gxf5 {[%emt 0:00:18]} Qg4+ {[%emt 0:00:18]} 38. Kf1 {
[%emt 0:00:17]} Re8 {[%emt 0:00:39]} 39. Rdxf3 {[%emt 0:01:23]} Rxe4 {[%emt 0:
00:01]} 40. h3 {[%emt 0:00:00]} Rxc4 {[%emt 0:00:00]} 41. hxg4 {[%emt 0:00:27]}
1-0

[Event "71st RUS-ch Superfinal Women 2021"]
[Site "Ufa"]
[Date "2021.10.17"]
[Round "8.2"]
[White "Gunina, Valentina"]
[Black "Galliamova, Alisa"]
[Result "1-0"]
[WhiteElo "2462"]
[BlackElo "2421"]
[Annotator "TA"]
[PlyCount "155"]
[EventDate "2021.10.09"]
[EventType "tourn"]
[EventCountry "RUS"]
[SourceTitle "playchess.com"]
[Source "ChessBase"]
[SourceQuality "1"]

{[%evp 19,155,0,14,0,23,21,74,66,79,79,64,31,41,-27,-8,-54,-48,-42,11,21,22,0,
0,-28,-22,-28,192,179,183,131,159,141,215,205,264,265,416,295,310,313,767,870,
802,872,872,842,809,800,739,658,722,657,563,368,433,439,420,133,133,103,133,
133,134,141,241,241,241,241,252,252,252,252,227,219,319,314,496,494,483,481,
491,484,461,502,497,483,559,488,475,358,358,317,343,252,358,260,285,262,260,
252,252,252,252,252,252,252,252,252,252,252,252,252,252,252,358,252,358,257,
718,686,646,431,967,260,5949,5431,5197,172,1072,912,1722,1450,994,775,29956,
29962,5106,21]} 1. d4 d5 2. c4 c6 3. Nc3 Nf6 4. e3 e6 5. Nf3 Nbd7 6. Qc2 Bd6 7.
b3 O-O 8. Bb2 Qe7 9. Be2 b6 10. O-O Bb7 11. Rfe1 {D45: Semi-Slav: 5 e3.} Rac8
12. e4 {[#]} Bb4 $146 (12... Nxe4 $11 {keeps the balance.} 13. Nxe4 dxe4 14.
Qxe4 Nf6) ({Predecessor:} 12... Nxe4 13. Nxe4 dxe4 14. Qxe4 Ba3 15. Bxa3 Qxa3
16. Qh4 c5 17. Qe7 Bxf3 18. Bxf3 Nf6 19. dxc5 Rfe8 20. Qb7 Rb8 21. Qc7 Rbc8 22.
Qb7 Rb8 23. Qc7 Rbc8 {1/2-1/2 (23) Anton Guijarro,D (2652)-Shirov,A (2631)
Linares 2018}) 13. e5 $16 {Strongly threatening a3.White is better.} Ne4 14.
Nxe4 dxe4 15. Nd2 c5 16. Red1 (16. a3 $14 Bxd2 17. Qxd2) 16... cxd4 17. Nxe4
Nxe5 {...f5 is the strong threat.} 18. a3 {[#]} f5 $1 19. axb4 $11 {Threatens
to win with Ng3.} Bxe4 20. Qc1 f4 (20... Qxb4 21. Rxd4 Qxb3 22. Rxe4 $1 $18 {
[%mdl 512]}) 21. Rxd4 {[#]} Bxg2 22. Rxf4 Rxf4 $2 (22... Ng6 $11 {and Black is
okay.} 23. Rxf8+ Rxf8 24. Kxg2 Nf4+ {[%mdl 64] Double Attack} 25. Kh1 (25. Kf1
$2 Qb7 $19) 25... Qb7+ 26. f3 Nxe2) 23. Qxf4 $18 Ng6 24. Qg4 (24. Qe3 $18 Bb7
25. Rxa7) 24... Bb7 $16 25. Rxa7 Rf8 (25... Rc7 $16 {was worth a try.}) 26. c5
$1 $18 {[%cal Rc5c6]} e5 27. Bc1 {aiming for Bg5.} (27. cxb6 Qf6 $11) 27... Qf6
(27... Kh8 $142 28. Ba6 (28. cxb6 Qf6 $14) 28... Bf3 29. Rxe7 Bxg4) 28. Be3 Qc6
{[%csl Gb7][%cal Rc6h1]} 29. f3 Nf4 $2 (29... b5 30. Qe4 Rf7 31. Qxc6 Bxc6) 30.
Bc4+ Kh8 31. b5 Qxf3 32. Qxf3 Bxf3 33. Bxf4 exf4 {[%mdl 4096] Endgame KRB-KRB}
34. c6 Bg4 35. Rb7 g5 {If Black can now play ...Rd8 this consolidates a bit.}
36. Bd3 Rd8 {[#]} 37. h3 $1 {[%cal Rh3g4]} Bc8 38. Rxh7+ (38. Rxb6 $18 {
has better winning chances.} Bxh3 39. Bc4) 38... Kg8 $16 39. Be4 Rd4 40. Re7 {
[%cal Re7e8]} Kf8 41. Re5 g4 (41... Kf7 $16 {was necessary.}) 42. hxg4 $18 Bxg4
43. Bg2 $1 Kf7 44. c7 Rd1+ 45. Kh2 $1 Rc1 46. Re4 $1 {[%cal Re4c4]} Bc8 (46...
f3 $142 47. Bf1 (47. Rxg4 fxg2 48. Kxg2 Rxc7 $11) 47... Bc8) 47. Rc4 $1 {
[%cal Rc4c1]} ({Not} 47. Rxf4+ Ke7 $14) 47... Re1 (47... Rb1 $142 48. Bc6 (48.
Rxf4+ Ke7 $16) 48... Rb2+ 49. Kh1 f3) 48. Rxf4+ Ke7 49. Rd4 Rc1 50. Bc6 $1 Rf1
51. Kg3 Rf8 52. Bf3 Rg8+ 53. Kf2 Rf8 {Black hopes to continue with ...Bb7.} 54.
Ke3 Rg8 55. Bc6 Rh8 56. Be4 Rf8 (56... Rh5 {keeps fighting.} 57. Bc6 Rh8) 57.
Rc4 Rf6 58. Bf3 Re6+ 59. Kd4 Rd6+ 60. Bd5 Rh6 61. Rc1 Rh4+ 62. Be4 Rh6 63. b4
Rd6+ 64. Ke3 Rh6 65. Rd1 {And now Rd8 would win.} Rh8 66. Bf3 Rf8 (66... Rg8
$142 67. Rd4 Rh8) 67. Rd4 Rg8 (67... Rh8 $142 68. Rd1 Rh3) 68. Rc4 Rg6 $2 (
68... Rg5 69. Be2 Re5+ 70. Kd2 Rf5) 69. Kf4 Rf6+ 70. Kg3 $1 Rg6+ {[#]} (70...
Rf5 $142 71. Re4+ Kf7) 71. Kh4 $2 (71. Rg4 $1 Rh6 (71... Rf6 72. Rg8) 72. Rg8
Rh3+ 73. Kf2 Rh2+ 74. Ke3) 71... Rf6 $2 (71... Rg1 72. Rd4 Rf1) 72. Bg4 Rf8 73.
Bh5 $2 (73. Bxc8 Rxc8 74. Kg5) 73... Rh8 $2 (73... Bd7 74. Rc2 Rf4+ 75. Kg3
Rxb4) 74. Rc6 Kd7 75. Kg5 Rg8+ 76. Kf6 Rf8+ 77. Bf7 Bb7 {[#]} 78. Rc1 $2 {
[%mdl 32768] Weighted Error Value: White=0.20/Black=0.38. Loss on time!?} (78.
Kg7 $1 $18 {[%cal Rg7f8]} Rxf7+ 79. Kxf7) 1-0

[Event "71st RUS-ch Superfinal Women 2021"]
[Site "Ufa"]
[Date "2021.10.17"]
[Round "8.3"]
[White "Shuvalova, Polina"]
[Black "Voit, Daria"]
[Result "1/2-1/2"]
[WhiteElo "2509"]
[BlackElo "2357"]
[Annotator "TA"]
[PlyCount "129"]
[EventDate "2021.10.09"]
[EventType "tourn"]
[EventCountry "RUS"]
[SourceTitle "playchess.com"]
[Source "ChessBase"]
[SourceQuality "1"]

{[%evp 11,129,12,21,0,-8,-7,-6,0,0,0,0,0,0,0,0,-35,-35,-35,-35,-35,-16,-35,-35,
-57,-35,-49,-45,-52,-47,-57,-45,-73,-29,-28,-35,-29,-37,-42,0,0,0,0,0,0,0,0,0,
0,0,0,0,0,0,0,0,0,0,0,0,0,0,0,0,0,0,0,0,0,0,0,0,0,0,0,0,-22,-22,-86,-108,-126,
-130,-292,-287,-243,-279,-270,-267,-267,-237,-254,-232,-256,-260,-400,-393,
-427,-422,-423,-382,-397,-404,-407,-364,-403,-394,-375,0,-363,-315,-329,-322,
-293,-109,-104,0,-279,0,-118,0,-287]} 1. e4 c6 2. d4 d5 3. e5 Bf5 4. h4 h5 5.
Bd3 Bxd3 6. Qxd3 e6 7. Bg5 {B12: Caro-Kann: Advance Variation.} Qb6 8. Nd2 c5
9. Ne2 cxd4 10. Nxd4 Nc6 11. Nxc6 bxc6 12. O-O {[#]} Be7 $146 (12... Ne7 {
keeps more tension.} 13. c4 Nf5 14. Qc2 Nd4 15. Qd3 Nf5) ({Predecessor:} 12...
Ne7 13. c4 Nf5 14. Rac1 a5 15. cxd5 cxd5 16. Qc2 a4 17. Nf3 Qb7 18. Qc7 Qxc7
19. Rxc7 Bb4 20. Rb7 Ba5 21. Rd1 O-O {1/2-1/2 (21) Egner,M (2188)-Malinowski,D
(2101) ICCF email 2016}) 13. b3 Bxg5 14. hxg5 Ne7 15. Nf3 Nf5 16. c4 O-O 17.
Rac1 g6 18. Rc2 a5 19. Qd2 Rfb8 20. Rb1 Rb7 21. Ne1 {[%cal Bf3e1,Be1d3,Bd3c5]
[%mdl 32]} Rab8 22. cxd5 cxd5 23. Nd3 Qd4 24. Rbc1 Kg7 25. Nc5 $1 {[%cal Rc5b7]
} Ra7 26. Qxd4 $1 Nxd4 27. Rd2 Nf5 28. f3 Ne7 29. Rdc2 Rb5 30. Kf2 Kg8 31. Nd3
Rbb7 32. g4 hxg4 33. fxg4 Kf8 34. Ke3 Kg7 35. Rh2 Rc7 36. Rch1 Kf8 37. Rh8+ Ng8
38. R8h7 Ne7 39. Rf1 Nc6 40. Rh8+ Ke7 41. Rfh1 Nb4 (41... Nd8 {seems wilder.}
42. R1h7 a4 43. b4 Rc3 44. Rg8 Rb7) 42. Nxb4 axb4 $11 {[%mdl 4096] Endgame
KRR-KRR} 43. R1h2 Rc3+ 44. Kd4 (44. Kf4 $1 $11) 44... Rac7 $17 {...Rg3 is the
strong threat.} 45. Rf2 Rc1 $1 46. Rb8 $2 (46. Rf3 $17) 46... Rg1 $1 $19 47.
Kd3 Rxg4 48. Re2 Rc3+ ({Weaker is} 48... Rxg5 49. Rxb4 Rg3+ 50. Kd2 $17) 49.
Kd2 Rd4+ ({Less strong is} 49... Rxg5 50. Rxb4 Rc7 51. a4 $17) 50. Ke1 Rc1+ 51.
Kf2 Rg4 52. Rb7+ (52. Ke3 {was worth a try.}) 52... Kf8 53. Rb8+ Kg7 54. Re1
Rc2+ 55. Re2 Rc3 56. Ke1 Rh3 57. Rf2 Re3+ 58. Re2 Rh3 59. Rf2 $1 {intending
Rb7!} Rh1+ 60. Kd2 Ra1 ({Resist} 60... Rxg5 61. Rxb4 Rxe5 62. Rb7 $19) 61. Kd3
Rd1+ $2 (61... Rxg5 $19 {White must now prevent ...Rg3+.} 62. Rxb4 Rxe5) 62.
Kc2 $17 {[#]} Ra1 (62... Rdd4 $1 $17 63. Rb7 Rgf4 64. Rxf4 Rxf4) 63. Kd3 $2 {
[%mdl 8192]} (63. Kb2 $11 {and White is okay.} Rgg1 64. Rxb4 Rab1+ 65. Ka3 Rxg5
66. Rbf4) 63... Rd1+ (63... Rxg5 $19 {has better winning chances. Hoping for ..
.Rg3+.} 64. Rb7 Rf5 65. Rxf5 gxf5 66. Rxb4 Rxa2) 64. Kc2 {[#]} Ra1 $2 (64...
Rdd4 $1 $17 65. Rb7 Rgf4 66. Rxf4 Rxf4) 65. Kd3 {[%mdl 32768] Weighted Error
Value: White=0.17/Black=0.21. An unexpected result.} 1/2-1/2

[Event "71st RUS-ch Superfinal Women 2021"]
[Site "Ufa"]
[Date "2021.10.17"]
[Round "8.4"]
[White "Girya, Olga"]
[Black "Pogonina, Natalija"]
[Result "0-1"]
[WhiteElo "2410"]
[BlackElo "2467"]
[Annotator "TA"]
[PlyCount "137"]
[EventDate "2021.10.09"]
[EventType "tourn"]
[EventCountry "RUS"]
[SourceTitle "playchess.com"]
[Source "ChessBase"]
[SourceQuality "1"]

{[%evp 21,137,8,8,8,14,0,17,18,5,14,18,30,32,32,31,31,33,27,45,39,39,37,23,41,
43,8,17,0,0,0,0,0,0,0,0,0,26,24,22,22,10,12,18,6,0,7,11,6,14,17,14,8,5,0,0,0,2,
0,0,-7,0,-18,-22,-37,22,30,29,0,10,0,10,-64,-45,-70,-63,-55,-36,-66,-76,-41,
-74,-72,-16,-16,-40,-266,-351,-348,-329,-302,-333,-620,-517,-439,-626,-595,
-577,-539,-551,-514,-514,-633,-630,-1066,-1012,-29960,-5601,-29980,-29981,
-29982,-29983,-29982,-29980,-29980,-29980,-29980,-29981,-5181]} 1. d4 Nf6 2. c4
e6 3. Nf3 b6 4. g3 Ba6 5. b3 Bb4+ 6. Bd2 Be7 7. Nc3 d5 8. cxd5 exd5 9. Bg2 O-O
10. O-O Nbd7 {[%cal Bb8d7,Bd7f8,Bf8e6][%mdl 32]} 11. Ne5 Bb7 12. Rc1 {E15:
Queen's Indian: 4 g3 sidelines, 4 g3 Ba6 and 4 g3 Bb7 early deviations.} Re8
13. Rc2 Nf8 $1 {[%mdl 4] is now more promising than 13...c6.} 14. Bc1 {The
position is equal.} Ne6 15. Bb2 Bf8 16. e3 {[#]} Rb8 $146 ({Predecessor:} 16...
g6 17. f4 c5 18. f5 Ng5 19. fxg6 fxg6 20. Rcf2 Bg7 21. h4 Nge4 22. Nxe4 dxe4
23. dxc5 Qxd1 24. Rxd1 bxc5 {0-1 (59) Keymer,V (2568)-Martirosyan,H (2622)
Chess.com INT 2020}) 17. Ne2 c5 18. Nf4 Nxf4 19. exf4 cxd4 20. Bxd4 Rc8 21. Bh3
Rxc2 22. Qxc2 Ne4 23. Rc1 Ba3 $1 {[%cal Ra3c1]} 24. Qc7 (24. Rd1 {is
interesting.} f6 25. Nd3 Qe7 26. Bb2 Bd6 27. Bf5) 24... Qe7 25. Rc2 {aiming
for Bd7.} Nc5 26. Qxe7 Rxe7 27. Bf1 Ne6 28. Be3 f6 29. Nc6 Rc7 30. Nd4 {
And now Bh3 would win.} Rxc2 31. Nxc2 Bd6 32. Bg2 Kf7 33. f5 Nc5 34. Nd4 Ke7
35. Nb5 Bb8 36. g4 Ne4 37. Bf3 Bc6 38. Nd4 Bd7 39. h3 Be5 40. a4 {[%cal Ba2a4,
Ba4a5][%mdl 32]} Kd6 41. Kg2 Nc3 42. Nc2 b5 (42... g6 $15) 43. a5 $11 a6 44. b4
Ne4 45. Nd4 Nd2 46. Nc2 (46. Bxd2 $11 Bxd4 47. Kf1) 46... Nb3 $1 $15 {
Threatens to win with ...d4.} 47. Ba7 Bc6 48. Kf1 d4 49. Bb8+ $1 Kd7 50. Bxc6+
Kxc6 51. Bxe5 fxe5 $17 {[%mdl 4096] Endgame KN-KN} 52. Ke2 e4 {Hoping for ...
d3+.} 53. Na3 $2 {This costs White the game.} (53. Kd1 $1 $15) 53... Kd5 $19
54. g5 {[#]} d3+ $1 55. Ke3 Ke5 56. f6 $2 (56. g6 h6 57. f6 Kxf6 58. Nb1) 56...
gxf6 57. gxf6 Kxf6 58. Nb1 Ke5 59. Nc3 d2 60. Nd1 Kd5 61. h4 h5 62. Kf4 Kd4 {
White must now prevent ...Nc1.} 63. Kg5 Nc1 64. Kxh5 Nd3 {Black mates.} 65. Kg5
{[#]} Nxf2 $1 {[%mdl 512]} 66. h5 Nxd1 67. h6 Nc3 68. h7 d1=Q 69. h8=Q+ {
Weighted Error Value: White=0.19/Black=0.05} 0-1

[Event "71st RUS-ch Superfinal Women 2021"]
[Site "Ufa"]
[Date "2021.10.17"]
[Round "8.5"]
[White "Guseva, Marina"]
[Black "Bivol, Alina"]
[Result "1/2-1/2"]
[WhiteElo "2394"]
[BlackElo "2392"]
[Annotator "ChessBase"]
[PlyCount "68"]
[EventDate "2021.10.09"]
[EventType "tourn"]
[EventCountry "RUS"]
[SourceTitle "playchess.com"]
[Source "ChessBase"]
[SourceQuality "1"]
[TimeControl "40/5400+30:1800+30"]

1. d4 {[%emt 0:00:02]} e6 {[%emt 0:00:23]} 2. c4 {[%emt 0:00:04]} b6 {[%emt 0:
00:29]} 3. e4 {[%emt 0:00:10]} Bb4+ {[%emt 0:00:22]} 4. Bd2 {[%emt 0:00:12]}
Bxd2+ {[%emt 0:00:10]} 5. Nxd2 {[%emt 0:00:13]} Ne7 {[%emt 0:00:10]} 6. Bd3 {
[%emt 0:01:18]} O-O {[%emt 0:00:34]} 7. Ne2 {[%emt 0:05:57]} d6 {[%emt 0:04:11]
} 8. O-O {[%emt 0:06:01]} e5 {[%emt 0:00:45]} 9. d5 {[%emt 0:01:36]} a5 {
[%emt 0:01:24]} 10. Bc2 {[%emt 0:00:48]} f5 {[%emt 0:06:48]} 11. exf5 {[%emt 0:
08:20]} Nxf5 {[%emt 0:02:43]} 12. a3 {[%emt 0:00:09]} Qe7 {[%emt 0:09:23]} 13.
Ne4 {[%emt 0:02:55]} Nd7 {[%emt 0:07:04]} 14. Qd3 {[%emt 0:01:34]} g6 {[%emt 0:
05:40]} 15. Rae1 {[%emt 0:02:12]} Ba6 {[%emt 0:11:08]} 16. Ba4 {[%emt 0:14:08]}
Nc5 {[%emt 0:07:37]} 17. Nxc5 {[%emt 0:00:05]} bxc5 {[%emt 0:01:08]} 18. b3 {
[%emt 0:00:32]} Bc8 {[%emt 0:04:00]} 19. f4 {[%emt 0:16:16]} e4 {[%emt 0:07:51]
} 20. Qc3 {[%emt 0:00:04]} h5 {[%emt 0:01:38]} 21. Ng3 {[%emt 0:15:13]} Nxg3 {
[%emt 0:00:22]} 22. Qxg3 {[%emt 0:00:13]} Bf5 {[%emt 0:00:18]} 23. Qc3 {
[%emt 0:00:23]} Qg7 {[%emt 0:02:24]} 24. Qxg7+ {[%emt 0:00:26]} Kxg7 {[%emt 0:
00:01]} 25. Re3 {[%emt 0:00:12]} Rf7 {[%emt 0:02:51]} 26. h4 {[%emt 0:04:40]}
Rb8 {[%emt 0:00:26]} 27. Bb5 {[%emt 0:01:10]} Kf6 {[%emt 0:01:44]} 28. a4 {
[%emt 0:00:50]} Re7 {[%emt 0:01:19]} 29. Rfe1 {[%emt 0:00:04]} Rd8 {[%emt 0:05:
30]} 30. Kf2 {[%emt 0:00:07]} Rb8 {[%emt 0:00:29]} 31. Kg3 {[%emt 0:00:04]} Rd8
{[%emt 0:01:19]} 32. Kf2 {[%emt 0:00:04]} Rb8 {[%emt 0:00:35]} 33. Kg3 {
[%emt 0:00:04]} Rd8 {[%emt 0:00:07]} 34. Kf2 {[%emt 0:00:03]} Rb8 {[%emt 0:00:
12]} 1/2-1/2

[Event "71st RUS-ch Superfinal Women 2021"]
[Site "Ufa"]
[Date "2021.10.17"]
[Round "8.6"]
[White "Kashlinskaya, Alina"]
[Black "Garifullina, Leya"]
[Result "1-0"]
[WhiteElo "2493"]
[BlackElo "2409"]
[Annotator "TA"]
[PlyCount "129"]
[EventDate "2021.10.09"]
[EventType "tourn"]
[EventCountry "RUS"]
[SourceTitle "playchess.com"]
[Source "ChessBase"]
[SourceQuality "1"]

{[%evp 14,129,27,24,22,24,27,16,29,35,83,74,76,76,90,89,82,84,140,149,137,145,
135,148,149,146,147,115,114,116,116,114,114,0,66,83,313,335,335,0,278,0,335,
335,335,335,335,335,335,327,334,335,321,318,277,274,367,357,379,277,342,346,
342,343,344,343,343,338,364,364,403,399,516,477,746,950,1043,994,1004,993,1722,
1697,2068,2080,1954,1881,1781,1736,1960,1857,2531,1710,1788,1786,1744,1690,
1580,1543,29959,29959,29979,29980,29982,29983,29983,29984,29984,29985,29992,
29993,29994,29994,29996,29994,29994,29995,29995,29996]} 1. d4 Nf6 2. c4 e6 3.
Nc3 Bb4 4. Qc2 c5 5. dxc5 O-O 6. a3 Bxc5 7. Nf3 Nc6 8. Bg5 h6 {The modern move.
E39: Nimzo-Indian: Classical: 4...c5 5 dxc5 0-0.} 9. Bh4 Be7 10. Rd1 d5 {
The position is equal.} 11. e3 {[#]} Bd7 $146 ({Predecessor:} 11... Qa5 12. Bd3
Bd7 13. O-O Rac8 14. cxd5 Nxd5 15. Nxd5 exd5 16. Bxe7 Nxe7 17. Qd2 Qb6 {
1-0 (51) Shankland,S (2709)-Caruana,F (2806) Saint Louis 2021}) 12. Bxf6 (12.
cxd5 Nxd5 13. Nxd5 Bxh4 $11) 12... Bxf6 13. cxd5 exd5 14. Nxd5 Be6 15. Bc4 Qa5+
(15... Bxd5 $142 16. Rxd5 Qc7) 16. b4 $1 $16 Qxa3 {...Bxd5 is the strong
threat.} 17. Nxf6+ gxf6 18. Bxe6 $1 {White threatens Qg6+! and mate.} Qxb4+ 19.
Kf1 fxe6 20. Qg6+ {[%mdl 64] Double Attack} Kh8 21. Qxh6+ Kg8 22. Qg6+ Kh8 23.
Qh6+ Kg8 24. h4 Rad8 $2 (24... Qc4+ $16 25. Kg1 Qc2) 25. Qg6+ Kh8 26. Qh6+ Kg8
27. Qg6+ $40 {[%mdl 128] White attacks.} Kh8 28. Rxd8 Nxd8 {[#]} 29. Rh3 $1
Qc4+ 30. Kg1 Qc1+ {[#]} 31. Ne1 $1 {[%mdl 512]} Qxe1+ 32. Kh2 {Threatening
mate with Qh5+.} Qxf2 {Strongly threatening ...Qf5.} 33. Rg3 Qxg3+ 34. Qxg3 $18
{[%mdl 4096] Endgame KQ-KRN} (34. Kxg3 $2 {is the wrong capture.} Rg8 $19)
34... e5 35. Qg4 Nf7 36. Qb4 Rb8 37. Qe7 Kg7 38. Qc7 Rh8 39. g3 ({Weaker is} 
39. Qxb7 Rxh4+ 40. Kg3 Ra4 $14) 39... b5 40. Qxa7 Rd8 41. Kh3 f5 42. Qb6 f4 43.
g4 Rd6 (43... fxe3 $142 44. Qxb5 Rd4) 44. Qxb5 fxe3 45. Qe2 e4 46. g5 Rd2 47.
Qc4 Nd6 48. Qc3+ Kg8 49. Kg4 Rd3 50. Qb2 Rd2 51. Qb3+ Kg7 52. Qc3+ Kf7 53. Qxe3
Rd3 54. Qf4+ Ke6 55. Qf6+ Kd5 56. g6 {White mates.} Rd1 57. Qf2 Rd4 58. Qa2+
Ke5 59. g7 e3+ 60. Kh3 Nf5 61. g8=Q Rxh4+ 62. Kg2 Rd4 63. Qa5+ Kf4 64. Qf7 {
[%csl Ga5][%cal Rf7f5]} Rd2+ 65. Kh3 {[%csl Ga5][%cal Rf7f5] Weighted Error
Value: White=0.19/Black=0.53} 1-0